Young living
Build a foundation of life management skills for your middle school students. Solid content and a vibrant visual appeal make this text a favorite comprehensive overview of all family and consumer sciences areas.
Saved in:
| Main Author: | |
|---|---|
| Format: | Book |
| Language: | Undetermined |
| Published: |
Mission Hills, Calif.
Glencoe Pub. Co.,
1994
|
| Subjects: | |
| Tags: |
Add Tag
No Tags, Be the first to tag this record!
|
| Institutions: | Trung tâm Học liệu Trường Đại học Cần Thơ |
|---|
| LEADER | 00794nam a2200205Ia 4500 | ||
|---|---|---|---|
| 001 | CTU_108575 | ||
| 008 | 210402s9999 xx 000 0 und d | ||
| 082 | |a 640 | ||
| 082 | |b C619/1994 | ||
| 100 | |a Clayton, Nanalee | ||
| 245 | 0 | |a Young living | |
| 245 | 0 | |c Nanalee Clayton; contributors, Marie Caughey ... [et al.] | |
| 260 | |a Mission Hills, Calif. | ||
| 260 | |b Glencoe Pub. Co., | ||
| 260 | |c 1994 | ||
| 520 | |a Build a foundation of life management skills for your middle school students. Solid content and a vibrant visual appeal make this text a favorite comprehensive overview of all family and consumer sciences areas. | ||
| 650 | |a Home economics,Adolescence,Teenagers | ||
| 650 | |z United states | ||
| 904 | |i M.Loan | ||
| 980 | |a Trung tâm Học liệu Trường Đại học Cần Thơ | ||